LEADER 01974oas 2200721 a 450 001 9910448560503321 005 20251105213014.0 011 $a1460-2059 035 $a(DE-599)ZDB1468345-3 035 $a(DE-599)3183567-3 035 $a(OCoLC)245536382 035 $a(CONSER) 2008247785 035 $a(CKB)954926969991 035 $a(EXLCZ)99954926969991 100 $a20080905b19851997 sy 101 0 $aeng 135 $aurcnu|||||||| 181 $ctxt$2rdacontent 182 $cc$2rdamedia 183 $acr$2rdacarrier 200 00$aComputer applications in the biosciences $eCABIOS 210 $aOxford $cOxford University Press 311 08$aComputer applications in the biosciences (trykt utgave) 999921324968202201 0266-7061 517 3 $aCABIOS 531 1 $aComput. appl. biosci. 606 $aLife sciences$xData processing$vPeriodicals 606 $aLife sciences$xComputer programs$vPeriodicals 606 $aBiology 606 $aComputers 606 $aLife sciences$xComputer programs$2fast$3(OCoLC)fst00998327 606 $aLife sciences$xData processing$2fast$3(OCoLC)fst00998329 608 $aPeriodical. 608 $aPeriodicals.$2fast 615 0$aLife sciences$xData processing 615 0$aLife sciences$xComputer programs 615 2$aBiology. 615 2$aComputers. 615 7$aLife sciences$xComputer programs. 615 7$aLife sciences$xData processing. 801 0$bPFM 801 1$bPFM 801 2$bPFM 801 2$bEEM 801 2$bOCLCQ 801 2$bOCLCF 801 2$bVT2 801 2$bOCLCQ 801 2$bS4S 801 2$bU3W 801 2$bOCLCO 801 2$bAU@ 801 2$bOCLCO 801 2$bWYU 801 2$bOCLCO 801 2$bOCLCQ 801 2$bOCLCO 801 2$bOCLCQ 801 2$bUAB 801 2$bOCLCQ 906 $aJOURNAL 912 $a9910448560503321 996 $aComputer applications in the biosciences$9797260 997 $aUNINA